000 01413cab a2200253 4500
001 ##L132898
008 060320n2006 000 0 eng u
035 _a(Sirsi) u132898
041 0 _aeng
245 0 0 _aExpert witness and dispute resolution special
260 _c2006
490 0 _aEstates Gazette
_v(0610) 11 March 2006, 142-149(8)
520 _a"A plea for the status of advocacy" suggests that the role of the expert witness needs to be overhauled and that of the advocate embraced. "A test of impartiality and independence" argues that surveyors acting as expert witnesses in civil courts face the same pressures as expert witnesses in criminal courts. "A changing environment" outlines the trends in the use of pre-action protocols introduced by the Civil Procedure Rules and "Resolve disputes on neutral grounds" urges professional advisers to get to grips with the mediation process.
590 _aIKA280306
650 2 4 _aJ A PYE (OXFORD) LTD V GRAHAM
650 2 4 _aWALLSHIRE V AARONS
650 2 4 _aPYE (OXFORD) LTD & ANOR V UNITED KINGDOM
650 2 4 _aHUMAN RIGHTS ACT 1998
650 2 4 _aHALSEY V MILTON KEYNES GENERAL NHS TRUST
650 2 4 _aNATIONAL JUSTICE COMPANIA V PRUDENTIAL ASSURANCE CO LTD
650 2 4 _aMEADOW V GENERAL MEDICAL COUNCIL
690 _aMANAGEMENT- DISPUTE AVOIDANCE, MANAGEMENT AND RESOLUTION-DISPUTE MANAGEMENT AND RESOLUTION-EXPERT WITNESSES
942 _n0
999 _c76677
_d76677